000 00324cam a2200145ua 4500
003 OSt
008 250610b |||||||| |||| 00| 0 eng d
041 _aeng
082 _a624.1821
_bDAY/DE
100 _aDayaratnam, P .
_97548
245 _aDesign of steel structures /
250 _a1 /
300 _a832 ; .
942 _cBK
999 _c5533
_d5533